| 000 | 01779nam a2200265 a 4500 | ||
|---|---|---|---|
| 008 | 130516s2010 ||||||||||||||||| || u | ||
| 020 | _a9780702033674 | ||
| 050 | _aQP 145 SMI | ||
| 100 | _aMorton, Dion G | ||
| 245 | 1 | 4 |
_aThe digestive system: basic science and clinical conditions. (2nd ed.) _cby Margaret E. Smith and Dion G. Morton |
| 250 | _a2nd ed. | ||
| 260 |
_aEdinburgh, London _bChurchill Livingstone/Elsevier _c2010 |
||
| 300 | _a217p.: ill. | ||
| 350 | _a42.95 | ||
| 650 | _aDIAGNOSTIC TECHNIQUES, DIGESTIVE SYSTEM | ||
| 650 | _aDIGESTIVE ORGANS | ||
| 650 | _aDIGESTIVE SYSTEM DISEASES--DIAGNOSIS | ||
| 700 | _aSmith, Margaret E | ||
| 995 |
_aMEDICAL LIBRARY OPEN ACCESS _e903460 _FCBU-SCHOOL OF MEDICINE LIBRARY (Ndola) _I42.95 _jQP 145 SMI _M6 _UAVAILABLE _WApr 12, 2016 _y903460 _ZMedical Library Open Access Collection |
||
| 995 |
_aMICHAEL CHILUFYA SATA OPEN ACCESS _D42.95 _e902047 _FCBU-SCHOOL OF MEDICINE LIBRARY (Ndola) _jQP 145 SMI _M1 _UAVAILABLE _WMay 21, 2013 _y902047 _ZMedical Library Open Access Collection |
||
| 995 |
_aMICHAEL CHILUFYA SATA OPEN ACCESS _e902626 _FCBU-SCHOOL OF MEDICINE LIBRARY (Ndola) _I42.95 _jQP 145 SMI _M4 _UAVAILABLE _WFeb 16, 2015 _y902626 _ZMedical Library Open Access Collection |
||
| 995 |
_aMEDICAL LIBRARY OPEN ACCESS _e902627 _FCBU-SCHOOL OF MEDICINE LIBRARY (Ndola) _I42.95 _jQP 145 SMI _M5 _UAVAILABLE _WFeb 16, 2015 _y902627 _ZMedical Library Open Access Collection |
||
| 995 |
_aMICHAEL CHILUFYA SATA OPEN ACCESS _e902169 _FCBU-SCHOOL OF MEDICINE LIBRARY (Ndola) _jQP 145 SMI _M2 _UAVAILABLE _WAug 21, 2013 _y902169 _ZMedical Library Open Access Collection |
||
| 995 |
_aMEDICAL LIBRARY OPEN ACCESS _e902625 _FCBU-SCHOOL OF MEDICINE LIBRARY (Ndola) _I42.95 _jQP 145 SMI _M3 _UAVAILABLE _WFeb 16, 2015 _y902625 _ZMedical Library Open Access Collection |
||
| 999 |
_c63791 _d63791 |
||